INTRODUCTION TO DRAVYAGUNA (Record no. 8583)

MARC details
000 -LEADER
fixed length control field 00295nam a22001337a 4500
003 - CONTROL NUMBER IDENTIFIER
control field SGT
082 ## - DEWEY DECIMAL CLASSIFICATION NUMBER
Classification number 615
Item number I10S
100 ## - MAIN ENTRY--PERSONAL NAME
Personal name SHARMA, P.V
245 ## - TITLE STATEMENT
Title INTRODUCTION TO DRAVYAGUNA
260 ## - PUBLICATION, DISTRIBUTION, ETC. (IMPRINT)
Place of publication, distribution, etc VARANASI
Name of publisher, distributor, etc CHAUKHAMBHA PUB
Year of Publication 2010
300 ## - PAGE DESCRIPTION
No. of Pages 226
650 ## - SUBJECT ADDED ENTRY--TOPICAL TERM
Topical term or geographic name as entry element DRAVYAGUNA VIGYAN
942 ## - ADDED ENTRY ELEMENTS (KOHA)
Source of classification or shelving scheme Dewey Decimal Classification
Koha item type Books
942 ## - ADDED ENTRY ELEMENTS (KOHA)
-- 2
Holdings
Withdrawn status Lost status Source of classification or shelving scheme Damaged status Not for loan Collection code Home library Current library Shelving location Date acquired Vendor Name Cost, normal purchase price SGTU Bill Number Total Checkouts Full call number Accession No. (Barcode) Date last seen Bill Date Koha item type Date last borrowed Use restrictions
    Dewey Decimal Classification     AYURVEDA SGT FA-FP Library SGT FA-FP Library Text Book 25/03/2016 CHAUKHAMBHA 200.00 SGTU CP/B/776   615 I10S FA4376 25/03/2016 05/01/2016 Books    
    Dewey Decimal Classification     AYURVEDA SGT FA-FP Library SGT FA-FP Library Text Book 25/03/2016 CHAUKHAMBHA 200.00 SGTU CP/B/776 1 615 I10S FA4377 22/07/2016 05/01/2016 Books 20/07/2016  
    Dewey Decimal Classification     AYURVEDA SGT FA-FP Library SGT FA-FP Library Reference Book 25/03/2016 CHAUKHAMBHA 200.00 SGTU CP/B/776   615 I10S FA4378 25/03/2016 05/01/2016 Books   Restricted Access
    Dewey Decimal Classification     AYURVEDA SGT FA-FP Library SGT FA-FP Library Text Book 25/03/2016 CHAUKHAMBHA 200.00 SGTU CP/B/776 3 615 I10S FA4379 28/05/2026 05/01/2016 Books 28/05/2026  
    Dewey Decimal Classification     AYURVEDA SGT FA-FP Library SGT FA-FP Library Text Book 25/03/2016 CHAUKHAMBHA 200.00 SGTU CP/B/776   615 I10S FA4380 25/03/2016 05/01/2016 Books    
    Dewey Decimal Classification     AYURVEDA SGT FA-FP Library SGT FA-FP Library Text Book 25/03/2016 CHAUKHAMBHA 200.00 SGTU CP/B/776   615 I10S FA4381 25/03/2016 05/01/2016 Books    
    Dewey Decimal Classification     AYURVEDA SGT FA-FP Library SGT FA-FP Library Text Book 25/03/2016 CHAUKHAMBHA 200.00 SGTU CP/B/776 1 615 I10S FA4382 28/05/2026 05/01/2016 Books 28/05/2026  
    Dewey Decimal Classification     AYURVEDA SGT FA-FP Library SGT FA-FP Library Text Book 25/03/2016 CHAUKHAMBHA 200.00 SGTU CP/B/776   615 I10S FA4383 25/03/2016 05/01/2016 Books